000 00785nam a2200217Ia 4500
001 5407
003 GE_BSU
008 181216s||||||||xx |||||||||||||| ||und||
040 _cGE_BSU
080 _a519.2(075.8)
100 _aСмирнов Н.В.,Дунин-Барковский И.В.
245 _aКурс теории вероятностей и математической статистики для технических приложений.
245 _bУчеб. пособие для втузов
250 _aизд.3-ье, стереот
260 _aМосква
260 _bНаука,
260 _c1969
300 _a511 с
653 _aКурс теории вероятностей и математической статистики
942 _cBK
999 _c38957
_d38957